000 00204 a2200097 4500
020 _a9780753458051
041 _aeng
100 _aJudy Allen and Tudor Humphries
245 _aAre you Dragonfly
942 _cBK
999 _c9516
_d9516